000
00196 a2200085 4500
020
_a
9788957704790
100
_a
Hyun
245
_a
Detail + Interior + Architecture Vol 8
260
_b
Archiworld
_c
2013
999
_c
13517
_d
13517